[Event "Turnier 40 / 120"]
[Site "Wien"]
[Date "2021.06.19"]
[Round "35"]
[White "Pewatronic Masterchess 24 MHz"]
[Black "Mephisto Risc 2"]
[Result "1-0"]
[WhiteElo "2183"]
[BlackElo "2237"]
[PlyCount "100"]
[EventDate "2021.??.??"]

1. e4 c6 2. c4 d5 3. exd5 cxd5 4. d4 Nf6 5. Nc3 Nc6 6. Bg5 Qa5 {Buchende Risc
II} 7. Bd2 dxc4 {Buchbewertung Risc II, -0,06} 8. Bxc4 {Buchende Pewatronic}
Qb6 9. Nge2 {Buchbewertung Pewatronic, -0,2 / lt. Stockfish ist die Stellung
ca. gleich.} Bf5 {ein sehr früher grober Fehler vom Risc II, Stockfish sieht
hier die Fortsetzung d5 bereits mit +2,00 für Weiss, ausgeglichen wäre die
Stellung nach e6.} 10. Rc1 {Pewatronic verwirft im letzten Moment den
Gewinnzug d5 zu Gunsten von Tc1, das bewertet er leider um 0,1 besser, damit
lässt er diese frühe Chance liegen, Stockfish 0,00} e6 11. d5 {zu spät,
hier bringt dieser Zug keinen Vorteil mehr für Weiss.} exd5 12. Nxd5 Nxd5 13.
Bxd5 Rd8 14. Qb3 Qxb3 15. Bxb3 Be7 16. Bc3 O-O 17. O-O Rfe8 18. Rfd1 Bg4 19. f3
Bf5 20. Ng3 Bg6 21. Rd5 b6 22. Rcd1 Rxd5 23. Rxd5 Bc5+ 24. Kf1 Nb4 {besser ist
Td8} 25. Bxb4 Bxb4 26. f4 Re1+ $2 {Risc II -0,37 ?, ein Megabock vom Risc II,
diese Verzögerung übersieht glatt, dass der Läufer g6 verloren geht,
Stockfish +4,60 für Weiss, nötig war h5!} 27. Kf2 Re8 {Risc II -2,27,
erkennt das Dilemma leider zu spät.} 28. f5 {Pewatronic +2,1} Be1+ 29. Kf3
Bxg3 30. fxg6 {Pewatronic +2,1 verzichtet überraschend auf die Mehrfigur ?,
deutlich besser ist hxg3.} Bb8 31. Rd7 Kh8 32. gxf7 Rf8 33. h3 g6 34. Ke4 Kg7
35. Rd3 g5 $2 {neuerlich ein ganz schlechter Zug vom Risc II, Stockfish +5,00
mit der Fortsetzung Kf5, weit besser ist a5, was Stockfish mit +2,50 für
Weiss sieht.} 36. Kf5 Bf4 37. g3 {deutlich besser ist Le6} Bc1 38. Rd1 Bxb2 39.
Kxg5 a5 40. Be6 Rd8 41. Rf1 $2 {ein sehr schlechter Zug, der den Sieg in
Gefahr bringt, Stockfish sieht hier die Fortsetzung Txd8 mit +3,00 für Weiss,
diesen Zug nur noch mit +0,80 für Weiss mit der Fortsetzung La3.} h6+ {
Risc II -1,30, ebenfalls die falsche Wahl, das bewertet Stockfish gleich
wieder mit +2,60 für Weiss mit der Fortsetzung Kh5.} 42. Kh5 Bf6 43. g4 $2 {
ein Katastrophenzug, der nahezu den gesamten Vorteil hergibt, Stockfish
bewertet hier Tf4 bereits mit +7,00 für Weiss, diesen Zug nur noch mit +0,50
für Weiss.} Rh8 $2 {doch auch der Risc II antwortet neuerlich mit einem
Katastrophenzug, den Stockfish mit der Fortsetzung Tc1 gleich mit +5,00 für
Weiss sieht, nötig war hier a4, wonach die Stellung fast gleich gewesen wäre.
} 44. Rb1 {nicht der beste Zug, aber auch diese Fortsetzung sieht Stockfish
noch mit +3,00 für Weiss, beide Programme haben grosse Probleme mit diesem
Endspiel, ich stoppe jetzt an dieser Stelle meine Kommentare und lasse es für
sich selbst sprechen, da muss man ja sonst praktisch jeden Zug kommentieren.}
Bd4 45. Rd1 Bc3 {Risc II -1,66} 46. Rd6 {Pewatronic +2,8} Be5 {Risc II -2,42}
47. Rxb6 {Pewatronic +3,0} Bc7 {Risc II -2,94} 48. Rc6 {Pewatronic +4,7} Bf4 {
Risc II -3,99} 49. Bd5 {Pewatronic +4,7} Rb8 {Risc II -4,58} 50. Rg6+ {
Pewatronic +4,7} Kf8 {Risc II -5,12 ------> AUFGABE !} 1-0

[Event "Turnier 40 / 120"]
[Site "Wien"]
[Date "2021.06.20"]
[Round "36"]
[White "Mephisto Risc 2"]
[Black "Pewatronic Masterchess 24 MHz"]
[Result "1-0"]
[WhiteElo "2237"]
[BlackElo "2183"]
[PlyCount "59"]
[EventDate "2021.??.??"]

1. d4 c6 2. c4 d5 3. Nf3 Nf6 4. Nc3 dxc4 5. a4 Bf5 6. e3 e6 7. Bxc4 Bb4 8. O-O
O-O {Buchende Pewatronic} 9. Nh4 Bg4 {Buchbewertung Pewatronic, 0,0} 10. f3 Nd5
11. fxg4 Qxh4 12. Qf3 {Buchende Risc II} Nf6 13. Be2 {Buchbewertung Risc II,
+0,28 / lt. Stockfish steht Weiss klar besser mit ca. +0,70} Bd6 $2 {ein ganz
schwerer Fehler, der die Partie sofort verliert, Stockfish bewertet die
Fortsetzung g3 mit +4,70 für Weiss, nötig war Se8.} 14. g3 Qh3 15. e4 {
sofort gewonnen hätte Sd1-f2!} Bc7 $2 {der nächste ganz schlechte Zug,
nötig war e5., Stockfish +5,60 für mit der Fortsetzung e5.} 16. Be3 e5 17.
Nd1 exd4 $2 {viel besser ist h5!, was Stockfish aber auch schon mit +1,80 für
Weiss sieht, diesen Zug hingegen schon mit +3,30 für Weiss.} 18. Nf2 {Risc II
+1,18} Qxf1+ 19. Kxf1 dxe3 {Pewatronic ist hier viel zu optimistisch nur -0,3.
(Stockfish +3,00 für Weiss).} 20. g5 Nd5 {der nächste ganz schlechte Zug,
Stockfish sieht die Fortsetzung exd5 mit +5,30 für Weiss, exf2 hätte er mit
+2,50 für Weiss gesehen, aber natürlich verliert auch das, hier gewinnt
praktisch schon fast jede plausible Fortsetzung.} 21. exd5 exf2 {Pewatronic
erkennt die Lage, -1,8} 22. Qb3 b6 23. dxc6 Nxc6 {den Rest könnte man sich
hier schon schenken.} 24. Qc4 Rac8 25. Qxc6 Bxg3 26. Qd7 Rc7 27. Qd2 Bxh2 28.
Kxf2 {Risc II +2,20} f6 $2 {Pewatronic -2,0, auch das ist nochmal ein ganz
schlechter Zug, weit mehr Widerstand bietet Te7, was Stockfish aber auch schon
mit +4,80 für Weiss sieht, diesen Zug mit der Fortsetzung g6 aber bereits mit
+8,30, aber an dieser Stelle ist es natürlich schon egal.} 29. g6 hxg6 {
[%emt 0:00:16] Stockfish Matt in} 30. Rh1 {Userentscheid: 1-0, man muss das
Leid nicht unnötig verlängern.} 1-0

[Event "Turnier 40 / 120"]
[Site "Wien"]
[Date "2021.06.20"]
[Round "37"]
[White "Pewatronic Masterchess 24 MHz"]
[Black "Mephisto Risc 2"]
[Result "0-1"]
[WhiteElo "2183"]
[BlackElo "2237"]
[PlyCount "102"]
[EventDate "2021.??.??"]

1. d4 d5 2. c4 dxc4 3. Nf3 Nf6 4. e3 e6 5. Bxc4 c5 6. O-O a6 7. Qe2 b5 8. Bb3
Bb7 9. Rd1 Nbd7 10. Nc3 Qb8 11. d5 {Buchende Pewatronic} exd5 12. Nxd5 {
Buchbewertung Pewatronic, +0,1} Nxd5 13. Bxd5 Bxd5 14. Rxd5 Qb7 {Buchende Risc
II} 15. Rd2 Be7 {Buchbewertung Risc II, +0,04 / lt. Stockfish ist die Stellung
etwa ausgeglichen.} 16. b3 O-O 17. Bb2 Rfd8 18. Rad1 Nf8 19. Rxd8 Rxd8 20. Rxd8
Bxd8 21. Qc2 Bb6 22. a3 Ng6 23. h3 Qd5 24. b4 $2 {ein schlechter Zug, der
Schwarz einen weit vorgerückten, gedeckten Freibauern ermöglicht. Stockfish
bewertet das zwar man muss sagen mit "nur" +0,40 für Schwarz, aber ich denke
das wird sich in weiterer Folge rächen., den Vorzug verdiente Kf1 was
Stockfish mit exakt 0,00 sieht.} c4 25. Nd4 $2 {ein viel gravierenderer Fehler
als jener zuvor, Stockfish bewertet hier Sh4 beireits mit +1,80 für Schwarz,
a4 hätte er mit nur +0,30 für Schwarz gesehen.} Nh4 $1 {Risc II +0,41} 26. f4
{Pewatronic -0,4, deutlich besser aber auch schon verloren ist f3, der
Fairness halber muss man sagen, der Risc II hätte den selben Fehler gemacht. 
(Stockfish +3,30 mit der Fortsetzung h5).} Ng6 {deutlich schlechter als h5.}
27. g3 {deutlich besser ist Sf5.} Ne7 28. Kh2 $2 {nach diesem Zug ist die
Partie verloren für Weiss, viel besser ist Dg2 was Stockfish mit +1,50 für
Schwarz sieht, diesen Zug gleich mit +5,00 für Schwarz mit der Fortsetzung
Lxd4, hier kann sich Schwarz eigentlich nur noch selbst schlagen.} Qd7 {
Risc II +0,49 lässt die Chance aus und lässt seinen Gegner zurück in die
Partie, diesen Zug sieht Stockfish nur noch mit +0,60 für Schwarz mit der
Fortsetzung De4.} 29. Qg2 $2 {viel schlechter als De4, Stockfish +1,60 für
Schwarz mit der Fortsetzung Sd5.} Nd5 30. Nc2 $2 {viel besser ist De4 was
Stockfish mit +1,50 für Schwarz sieht, hier bewertet er die Fortsetzung c3
bereits mit +3,50 für Schwarz, der Pewatronic kommt mit dieser Stellung
überhaupt nicht zurecht.} h6 {Risc II +0,55, verwirft im letzten Augenblick
den Gewinnzug c3, den er mit nur +0,38 bewertet, hier könnte Weiss mittels
Ld4 wieder etwas Hoffnung schöpfen, was Stockfish mit +0,80 für Schwarz
sieht.} 31. Bd4 Bxd4 32. Nxd4 g6 33. Qf3 Kh7 34. Ne2 {viel besser ist De4} Nf6
35. Nd4 Qd5 $2 {auch vom Risc II kommt einer grober Fehler, Stockfish sieht
hier die Fortsetzung Dxd5 nur noch mit +0,20 für Schwarz, h5 bewertet er mit
+2,50 für Schwarz.} 36. Kg2 Ne4 37. Kh2 Kg8 38. g4 g5 39. fxg5 hxg5 40. Nf5 $2
{dieser Zug verliert sofort, Stockfish +4,50 für Schwarz mit der Fortsetzung
Dd2+, nötig war Dg2.} Qd2+ 41. Kh1 Qc1+ 42. Kh2 Qc2+ 43. Kh1 f6 $2 {ein
schrecklicher Fehler, der den gesamten Vorteil auf einen Schlag aus der Hand
gibt, Stockfish sieht hier die Fortsetzung c3 mit +5,00 für Schwarz, diesen
Zug mit der Fortsetzung Sd4 sieht er exakt ausgeglichen mit 0,00.} 44. Qg2 $2 {
also diese Partie ist für den Bediener schwer zu ertragen, der nächste
Megabock, den Stockfish sofort wieder mit +5,00 für Schwarz sieht, und auch
der Risc II hätte diesen Zug gemacht, der Pewatronic verwirft leider im
letzten Moment den rettenden Zug Sd4.} Qd3 45. Kh2 Kh8 46. Qa2 $2 Nd2 47. Kg2
Qe2+ 48. Kh1 {an dieser Stelle gewinnt jede erdenkliche Fortsetzung, den Rest
könnte man sich mit gutem Gewissen schenken.} Kh7 $2 {einer der wenigen Züge,
der auf keinen Fall gespielt werden sollte, Stockfish zwar immer noch +3,80
für Schwarz, aber dieser Zug ist um ganze 17 ! Bauerneinheiten schlechter als
jedes x-beliebige Schachgebot !} 49. Qb2 $2 {wieder falsch, natürlich Dc2 !}
Qf1+ 50. Kh2 Nf3+ 51. Kg3 Ng1 {Userentscheid: 0-1} 0-1

[Event "Turnier 40 / 120"]
[Site "Wien"]
[Date "2021.06.20"]
[Round "38"]
[White "Mephisto Risc 2"]
[Black "Pewatronic Masterchess 24 MHz"]
[Result "1/2-1/2"]
[WhiteElo "2237"]
[BlackElo "2183"]
[PlyCount "171"]
[EventDate "2021.??.??"]

1. d4 d5 2. c4 e6 3. Nc3 Nf6 4. Bg5 Nbd7 5. e3 Be7 6. Nf3 O-O 7. Rc1 c6 8. Bd3
dxc4 9. Bxc4 Nd5 10. Bxe7 Qxe7 {Buchende Pewatronic} 11. Ne4 e5 {Buchbewertung
Pewatronic, 0,0} 12. O-O exd4 13. Qxd4 N7f6 14. Ng3 {Buchende Risc II} Rd8 15.
Qe5 {Buchbewertung Risc II, +0,15} Qb4 16. Rfd1 Bg4 17. Ne4 Bxf3 18. gxf3 Re8
19. Nxf6+ Nxf6 20. Qc7 Re7 21. Qd6 Qxd6 22. Rxd6 Rd7 23. Rxd7 Nxd7 24. f4 {
Risc II +0,24} Nb6 {Pewatronic -0,3 / Stockfish 0,00} 25. Bb3 Rd8 26. Kg2 Kf8
27. e4 a6 28. Rc5 Rd2 29. Bc2 Rd4 30. b3 Nd7 31. Rc4 Rd6 32. e5 Rd2 33. Kf3 Nb6
34. Rc5 h6 35. Ke3 Rd8 36. f5 Nd5+ 37. Ke4 Nb4 38. a3 Nxc2 39. Rxc2 {Risc II
+0,36} Rd1 {Pewatronic 0,0 / Stockfish 0,00} 40. Rc3 Rd2 41. Ke3 Rd1 42. h3
Re1+ 43. Kd4 g5 {besser ist Ke7} 44. fxg6 {Risc II +0,62} fxg6 {Pewatronic +0,
1 / Stockfish +0,11 für Weiss} 45. Rf3+ Ke7 46. Rf6 Rg1 $2 {deutlich besser
ist Td1+, wonach die Partie ausgeglichen ist, hier kommt Weiss mit der
Fortsetzung b4 deutlich in Vorteil lt. Stockfish mit +1,00} 47. Ke4 $2 {
Risc II verwirft im letzten Moment den klar besseren Zug b4, Stockfish 0,00
mit der Fortsetzung Te1+} h5 48. f4 Rg3 49. h4 Ke8 50. b4 {Risc II +0,75,
rechnet hier mit Txa3 ??, das würde die Partie augenblicklich verlieren, das
bewertet Stockfish in der 1. Sekunde mit +8,00 für Weiss.} Rg4 $2 {diesen
Gefallen macht dem Risc der Pewatronic nicht, aber leider ist auch das ein
absoluter Verlustzug, Stockfish +5,00 mit der Fortsetzung e6, nach Ke7 ist die
Stellung Remis.} 51. Kf3 $2 {Risc II +0,82, hier hat er auch grosses Pech,
denn er bewertet e6 mit +0,77 und schwenkt im letzten Augenblick noch davon ab
und verfehlt die Gewinnchance sozusagen um 0,05.} Ke7 {Stockfish wieder 0,00}
52. Ke3 Rg2 53. Ke4 Rg1 54. Kd4 Rg4 55. Kc5 Rxh4 56. Kb6 g5 $2 {dieser Zug
verliert die Partie sofort, Stockfish +3,00 für Weiss, nötig war Tg4, nebst
h4 und die Partie ist im Lot.} 57. fxg5 Re4 58. Kxb7 Rxe5 59. Rxc6 a5 60. Rc5
$2 {Risc II +1,85, Stockfish bewertet hier Ka6 mit +5,00 für Weiss, mit
diesem Zug bringt der Risc II den Sieg noch in Gefahr, Stockfish sieht die
Fortsetzung Txc5 mit nur noch +1,20 für Weiss.} Rxc5 {Pewatronic -1,5} 61.
bxc5 h4 62. c6 h3 63. c7 h2 64. c8=Q h1=Q+ 65. Ka6 {Risc II zeigt hier wieder
eine ordentliche Schwäche, denn er erwartet hier ernsthaft a4 ??? was
natürlich nach Db7+ sofort verloren ist für Schwarz.} Qf1+ 66. Kxa5 Qe1+ 67.
Ka6 {Risc II +1,15 / Stockfish 0,00 mit der Fortsetzung De2+} Qe2+ {Pewatronic
-1,0} 68. Ka7 Qe3+ 69. Kb8 Qxa3 70. Qf5 {Risc II +1,22} Qd6+ {Pewatronic sieht
das Remis vor dem Risc II, Bewertung 0,0} 71. Kb7 {Risc II +1,18, sieht noch
immer nicht, dass der Bauer nach Dd7+ verloren geht. (Rechentiefe nur 6 HZ
erwartet Db4+)} Qd7+ 72. Qxd7+ Kxd7 73. g6 Ke7 74. Kc6 Kf8 75. Kd5 Kg8 76. Ke5
Kg7 77. Kf5 Kg8 78. Kg5 Kg7 79. Kh5 Kg8 80. Kg4 Kh8 81. Kf4 Kg8 82. Kf5 Kg7 83.
Kg5 Kg8 84. Kf6 Kf8 85. g7+ Kg8 86. Kg6 {Patt} 1/2-1/2

[Event "Turnier 40 / 120"]
[Site "Wien"]
[Date "2021.06.22"]
[Round "39"]
[White "Pewatronic Masterchess 24 MHz"]
[Black "Mephisto Risc 2"]
[Result "0-1"]
[WhiteElo "2183"]
[BlackElo "2183"]
[PlyCount "80"]
[EventDate "2021.??.??"]

1. c4 c6 2. Nf3 d5 3. d4 Nf6 4. Nc3 dxc4 5. a4 Bf5 6. Ne5 e6 7. f3 c5 8. e4 {
Buchende Pewatronic} cxd4 9. exf5 {Buchbewertung Pewatronic 0,0} Bb4 10. fxe6
dxc3 11. Qxd8+ Kxd8 {Buchende Risc II} 12. Kd1 cxb2 {Buchbewertung Risc II, +0,
40 / lt. Stockfish ist die Stellung etwa gleich.} 13. Bxb2 Ke7 14. Bxc4 fxe6
15. Nd3 Rd8 16. Rc1 Nc6 17. Ke2 Rac8 18. Nxb4 Nxb4 19. Ba3 a5 20. Rhe1 Nfd5 21.
g3 Rc6 22. h3 $2 {ein schlechter Zug den Stockfish mit der Fortsetzung Tdc8
mit +1,20 für Schwarz sieht, deutlich besser ist f4, was Stockfish nur mit +0,
30 für Schwarz sieht.} Rdc8 23. Bb3 Rc3 24. Rxc3 Rxc3 25. Rb1 Kf6 {etwas
besser ist Kd6.} 26. Bc1 b6 {Risc II +0,62} 27. Bd2 {Pewatronic -0,5 /
Stockfish +0,70 für Schwarz} Rc5 28. Rc1 {deutlich besser ist Kf1} Nc6 {
besser ist Ke5} 29. Rc4 {verpasst den Ausgleich mittel Txc5, diesen Zug sieht
Stockfish mit der Fortsetzung Txc4 mit +1,00 für Schwarz.} Rxc4 30. Bxc4 Nd4+
31. Kf2 Ke5 32. Bd3 $2 {Stockfish bewertet die Fortsetzung h4 mit nur -0,60
für Weiss dieser Zug verliert die Partie mit der Fortsetzung Sb3 bewertet
Stockfish bereits +2,60 für Schwarz.} g6 33. Bb1 {deutlich besser ist h4, und
wieder gewinnt Sb3} Nb3 $1 {Risc II +0,91 entscheidet die Partie an dieser
Stelle, Stockfish +3,00 für Schwarz.} 34. Bh6 {noch der beste Zug, bringt
aber auch nichts mehr, die Partie ist verloren.} Kd4 {Risc II +1,68} 35. h4 Nc3
36. Bg7+ e5 $2 {Risc II +2,21, erlaubt sich hier einen Megabock, Stockfish
sieht hier die Fortsetzung Kc4 bereits mit +5,20 für Schwarz, dieser Zug
bringt den Sieg ernsthaft in Gefahr, denn er wird nur noch mit +0,20 für
Schwarz gesehen von Stockfish.} 37. Bc2 Na1 38. Bxg6 $1 {also diesen Zug
hätte ich dem Pewatronic niemals zugetraut, lt. Stockfish die Stellung damit
ausgeglichen, der Risc II hatte Le4 erwartet, was Stock fish mit +8,00 für
Schwarz berwertet hätte.} hxg6 39. f4 {aber leider verdirbt sich der
Pewatronic im nächsten Zug diesen echten Superzug nach diesem Zug ist die
Partie neuerlich verloren für Weiss, unbedingt nötig war natürlich g4, h5
usw., echt Schade damit ist es endgültig vorbei für Weiss.} Nc2 $2 {viel
besser ist Kd5 was Stockfish mit +4,00 für Schwarz sieht, diesen Zug mit
"nur" noch +1,20 für Schwarz mit der Fortsetzung Lxe5, aber leider kann man
darauf wetten, dass der Pewatronic fxe5 spielt und damit wieder seine Chancen
begräbt.} 40. fxe5 {war klar, Stockfish +5,60 für Schwarz.} Kd5 {
Userentscheid: 0-1} 0-1

[Event "Turnier 40 / 120"]
[Site "Wien"]
[Date "2021.06.22"]
[Round "40"]
[White "Mephisto Risc 2"]
[Black "Pewatronic Masterchess 24 MHz"]
[Result "1-0"]
[WhiteElo "2237"]
[BlackElo "2183"]
[PlyCount "77"]
[EventDate "2021.??.??"]

1. c4 e6 2. Nf3 d5 3. g3 Nf6 4. Bg2 Be7 5. O-O O-O 6. d4 c6 7. Qc2 Nbd7 {
Buchende Pewatronic} 8. Nbd2 {Buchende Risc II} b5 {Buchbewertung Pewatronic 0,
0, beginnt gleich am Anfang wieder zu schwächeln, mit diesem Zug ist Weiss
bereits mit +1,50 im Vorteil, fast jeder andere plausible Zug wäre besser
gewesen, z.B. b6 oder c5 oder Te8 oder h6 usw., Stockfish +1,50 mit der
Fortsetzung c5.} 9. c5 {Buchbewertung Risc II +0,12 sieht sich nur knapp im
Vorteil.} a5 10. a4 {besser ist Te1} b4 {viel besser ist La6} 11. Nb3 Ba6 12.
Bf4 Bc4 13. Rae1 {die Stellung ist ausgeglichen lt. Stockfish} Nh5 14. Bd2 Rc8
15. Nc1 Nhf6 16. b3 Ba6 17. Nd3 Bxd3 {ein ganz schlechter Zug, der Schwarz in
eine sehr schlechte Lage bringt, nach Se4! wäre die Stellung ausgeglichen,
Stockfish +1,50 für Weiss mit der Fortsetzung exd3.} 18. exd3 {Risc II +0,49}
Kh8 $2 {Pewatronic weiss offentsichtlich nichts mit dieser Stellung anzufangen,
ein typischer sinnloser Zug nach dem Motto, ich weiss nicht was tun.} 19. Re2
Ne8 $2 {Pewatronic 0,0 ?} 20. Rfe1 {Risc II +0,66, auch ein schlechter Zug,
Stockfish sieht hier die Fortsetzung g5 ausgeglichen.} Nc7 $2 {der nächste
ganz schlechte Zug Stockfish +2,00 für Weiss mit der Fortsetzung h4.} 21. Bf4
$2 {wieder könnte Schwarz mittels g5 die Stellung ausgleichen.} Na6 $2 {
was will der Springer dort, er ist damit komplett aus dem Spiel, Stockfish +2,
50 für Weiss mit der Fortsetzung h4} 22. Qc1 Nf6 $2 {jeder einzelne Zug macht
die Situation für Schwarz nur schlechter, ich kommentiere hier nicht mehr
weiter, Stockfish +3,00 für Weiss mit der Fortsetzung h4.} 23. h3 Nb8 24. Kh1
$2 Nbd7 25. Bd2 Re8 26. g4 Rf8 27. Bg5 h6 28. Bf4 Ne8 {nötig Sh7, hier
entscheidet Lxh6 ! die Partie.} 29. g5 hxg5 30. Nxg5 Nef6 $2 {nötig Lxg5, h4
gewinnt die Partie} 31. Bf3 Ra8 $2 32. Rg1 Ra6 33. Ree1 Qe8 34. Bc7 Qc8 $2 {
das kann man nicht mehr sinnvoll kommentieren.} 35. Qf4 Ra7 36. Qh4+ Kg8 {
[%emt 0:00:15] erst hier sieht der Pewatronic das Dilemma -2,7 , zuvor hatte
er die Stellung noch mit -0,1 bewertet, also das ist ein nicht zu glauben.,
Stockfish Matt in} 37. Nxe6 Ne8 38. Qxe7 fxe6 39. Bg4 {den Rest kann man sich
ruhigen Gewissens schenken, Userentscheid: 1-0} 1-0

[Event "Turnier 40 / 120"]
[Site "Wien"]
[Date "2021.06.23"]
[Round "41"]
[White "Pewatronic Masterchess 24 MHz"]
[Black "Mephisto Risc 2"]
[Result "0-1"]
[WhiteElo "2183"]
[BlackElo "2237"]
[PlyCount "71"]
[EventDate "2021.??.??"]

1. e4 e5 2. Nf3 Nc6 3. Bb5 a6 4. Ba4 Nf6 5. d4 exd4 6. e5 Ne4 7. Nxd4 Be7 8.
O-O {Buchende Pewatronic} O-O {Buchende Risc II} 9. c3 {Buchbewertung
Pewatronic, +0,1} Nc5 {Buchbewertung Risc II, +0,1} 10. Bc2 {lt. Stockfish ist
die Stellung ausgeglichen.} Nxe5 {ein schlechter Zug lt. Stockfish, er
bewertet hier die Fortsetzung Dh5 bereits mit +1,80 für Weiss.} 11. b4 {
Pewatronic lässt die Chance aus, die Stellung ist ausgeglichen.} Ne6 12. Nxe6
$2 {ein ganz schlechter Zug, den Stockfish gleich mit +1,70 für Schwarz
bewertet, viel besser ist Df5, danach wäre die Stellung gleich.} dxe6 13.
Bxh7+ Kxh7 14. Qh5+ Kg8 15. Qxe5 a5 16. bxa5 {ein grauenhafter Zug, die
Gründe braucht man nicht gross zu erklären, viel besser ist b5} Bd6 17. Qh5
g6 18. Qg4 {Pewatronic -0,5 / Stockfish +1,70 für Schwarz.} Rxa5 {Risc II nur
+0,27 bleibt in dieser klaren Gewinnstellung noch viel zu vorsichtig.} 19. Nd2
e5 {deutlich besser ist Kg7} 20. Qe2 Be6 21. Nc4 $2 {viel besser ist Se4} Bxc4
$1 {natürlich der richtige Zug, denn den Läufer d6 sich nehmen zu lassen
würde zu einem Endspiel mit ungleichen Läufern führen und würde den Gewinn
von Schwarz deutlich erschweren.} 22. Qxc4 b5 23. Qd5 Qa8 24. Qb3 {deutlich
besser ist Td1 (der Risc II hätte den gleichen Fehler gemacht).} Qe4 25. Be3
Rfa8 {der schwache A-Bauer wird zum Alptraum für Weiss.} 26. Rfd1 Qa4 27. Rab1
Qxa2 {Risc II wird langsam optimistischer, +0,46} 28. Qxa2 Rxa2 29. Rxb5 f5 30.
h3 {nach diesem schrecklichen Zug ist Weiss auf verlorenem Posten, Stockfish
sieht die Fortsetzung f4 mit +2,00 für Schwarz, nötig war natürlich g3, um
diesen Vorstoss zu verhindern, danach wäre Schwarz nur knapp besser gestanden
mit ca. +0,30} f4 {Risc II +0,57 findet die richtige Fortsetzung und
entscheidet die Partie an dieser Stelle zu seinen Gunsten, den logischen Rest
könnte man sich eigentlich hier schon schenken.} 31. Bc5 {Pewatronic +0,2,
also ehrlich gesagt, dazu fehlen mir die passenden Worte, das ist
selbstverständlich ein Katastrophenzug, den Stockfish gleich mit +4,00 für
Schwarz bewertet, deutlich mehr Widerstand hätte noch Ld2 geboten, obwohl
auch schon egal.} Ra1 32. Rxa1 Rxa1+ 33. Kh2 {selbst diese hoffnungslose
Stellung bewertet Pewatronic mit -0,1 ?} c6 {Risc II hat deutlich mehr
Durchblick +0,93, Stockfish ist natürlich längst bei +5,00 für Schwarz, an
dieser Stelle kann man sich jeden weiterern Kommentar schenken, ich gebe nur
noch die Stellungsbewertungen an, um zu sehen wann endlich die Erläuchtung
kommt.} 34. Bxd6 cxb5 {Risc II +1,07} 35. Bxe5 {Pewatronic -0,3} Ra3 {Risc II
+0,99} 36. Bxf4 {Pewatronic -0,6, jetzt reicht es mir, Userentscheid, 0-1} 0-1